[Event "Ruhrgebiet Verbandsklasse Gruppe 2 1718"]
[Site "Germany"]
[Date "2018.02.04"]
[Round "6.3"]
[White "Althoff, Ralph"]
[Black "Eckardt, Samuel"]
[Result "1-0"]
[WhiteElo "2034"]
[BlackElo "1799"]
[PlyCount "61"]
[EventDate "2017.09.17"]
[EventType "team-tourn"]
[EventRounds "9"]
[EventCountry "GER"]
[SourceTitle "EXT 2022"]
[Source "ChessBase"]
[SourceDate "2021.10.06"]
[SourceVersion "1"]
[SourceVersionDate "2021.10.06"]
[SourceQuality "1"]
[WhiteTeam "Brackel SF II"]
[BlackTeam "Horst Emscher II"]
[WhiteTeamCountry "GER"]
[BlackTeamCountry "GER"]

1. d4 Nf6 2. Nf3 d5 3. Bf4 e6 4. e3 Bd6 5. Bg3 0-0 6. Bd3 Re8 7. Nbd2 Nbd7 8. Ne5 Nf8 9. 0-0 N6d7 10. Qh5 Nxe5 11. dxe5 Be7 12. Nf3 c5 13. Rfd1 c4 14. Bxc4 Qb6 15. Bb3 a5 16. Rd4 Bd7 17. a4 f5 18. exf6 Bxf6 19. Be5 Bxe5 20. Nxe5 Re7 21. Rad1 Be8 22. Qg5 Qc7 23. e4 dxe4 24. Rxe4 b5 25. axb5 Bxb5 26. Nf3 Bc6 27. Rc4 Qb7 28. Rxc6 Rd7 29. Rxe6 Rxd1+ 30. Re1+ Qxb3 31. cxb3 1-0

[Event "Ruhrgebiet Verbandsklasse Gruppe 2 1516"]
[Site "Germany"]
[Date "2015.11.29"]
[Round "4.5"]
[White "Eckardt, Samuel"]
[Black "Sieczkarek, Frank"]
[Result "1/2-1/2"]
[WhiteElo "1764"]
[BlackElo "1793"]
[PlyCount "40"]
[EventDate "2015.09.06"]
[EventType "team-tourn"]
[EventRounds "9"]
[EventCountry "GER"]
[SourceTitle "EXT 2022"]
[Source "ChessBase"]
[SourceDate "2021.10.06"]
[SourceVersion "1"]
[SourceVersionDate "2021.10.06"]
[SourceQuality "1"]
[WhiteTeam "Horst Emscher II"]
[BlackTeam "Ickern"]
[WhiteTeamCountry "GER"]
[BlackTeamCountry "GER"]

1. d4 Nf6 2. c4 b6 3. Nc3 Bb7 4. f3 d5 5. cxd5 Nxd5 6. e4 Nf6 7. Bc4 e6 8. Nh3 c6 9. 0-0 Bb4 10. Bg5 Bxc3 11. bxc3 h6 12. Bh4 g5 13. Bg3 Nbd7 14. a4 Nf8 15. Qb3 Qe7 16. Be5 Ng6 17. Bxf6 Qxf6 18. a5 Qd8 19. axb6 axb6 20. Rab1 Ba6 1/2-1/2